| 000 | 00472nam a2200169Ia 4500 | ||
|---|---|---|---|
| 005 | 20250423095703.0 | ||
| 008 | 250422s9999 xx 000 0 und d | ||
| 020 | _a1- 56282- 788- X | ||
| 050 | _aPN1995.Q44 | ||
| 100 | _aJoe Queenan | ||
| 245 | 0 | _aIf you're talking to me, your career must be in trouble: movies, mayhem, and malice | |
| 260 | _bHyperion books | ||
| 260 | _c1994 | ||
| 300 | _a267 p | ||
| 650 | _aMotion pictures- United states- humor | ||
| 942 | _cBK | ||
| 999 |
_c31032 _d31032 |
||